Statistics for Easternmost Capital Cities

Click here to take the quiz!

General Stats

  • This quiz has been taken 988 times
    (960 since last reset)
  • The average score is 12 of 20

Answer Stats

° Ecapital% Correct
139.69Tokyo
93%
174.77Wellington
90%
149.13Canberra
88%
126.98Seoul
81%
116.41Beijing
78%
120.98Manila
75%
125.75Pyongyang
74%
121.56Taipei
65%
147.19Port Moresby
63%
178.44Suva
58%
125.58Dili
56%
179.09Funafuti, Tuvalu
50%
173.00South Tarawa, Kiribati
47%
166.93Yaren, Nauru
47%
158.16Palikir, Federated States of Micronesia
44%
168.32Port Vila
44%
159.95Honiara
42%
171.19Majuro, Marshall Islands
41%
134.62Ngerulmud, Palau
40%
114.94Bandar Seri Begawan
34%

Score Distribution

Percentile by Number Answered

Percent of People with Each Score

Your Score History

You have not taken this quiz since the last reset